Turismo sostenible para fortalezar la democracia social /
Shranjeno v:
| Glavni avtor: | |
|---|---|
| Format: | Texto |
| Teme: | |
| Oznake: |
Označite
Brez oznak, prvi označite!
|
MARC
| LEADER | 00000 a a2200000 04500 | ||
|---|---|---|---|
| 001 | 16866 | ||
| 003 | |||
| 040 | |||
| 100 | |a Núñez Cháves, María Elena | ||
| 245 | |a Turismo sostenible para fortalezar la democracia social / |c María Elena Núñez Cháves | ||
| 650 | |a TURISMO | ||
| 650 | |a EMPLEO RURAL | ||
| 650 | |a COSTA RICA | ||
| 773 | |g volumen 13, número 2; páginas 27-39 | ||
| 999 | |c 36333 |d 36333 | ||
